Immunology for medical students / (Record no. 19058)
[ view plain ]
| 000 -LEADER | |
|---|---|
| fixed length control field | 00422nam a22001577a 4500 |
| 008 - FIXED-LENGTH DATA ELEMENTS--GENERAL INFORMATION | |
| fixed length control field | 211019b |||||||| |||| 00| 0 eng d |
| 020 ## - INTERNATIONAL STANDARD BOOK NUMBER | |
| International Standard Book Number | 0702068010 |
| 050 ## - LIBRARY OF CONGRESS CALL NUMBER | |
| Classification number | QR181 |
| Item number | .H45 2017 c.1 |
| 100 ## - MAIN ENTRY--PERSONAL NAME | |
| Personal name | Helbert, Matthew |
| 245 ## - TITLE STATEMENT | |
| Title | Immunology for medical students / |
| Statement of responsibility, etc. | Matthew Helbert |
| 250 ## - EDITION STATEMENT | |
| Edition statement | 3rd ed. |
| 260 ## - PUBLICATION, DISTRIBUTION, ETC. (IMPRINT) | |
| Place of publication, distribution, etc. | Philadelphia |
| Name of publisher, distributor, etc. | Elseveir |
| Date of publication, distribution, etc. | 2017 |
| 300 ## - PHYSICAL DESCRIPTION | |
| Extent | xii, 306p. |
| 650 ## - SUBJECT ADDED ENTRY--TOPICAL TERM | |
| Topical term or geographic name as entry element | Immunology |
| 942 ## - ADDED ENTRY ELEMENTS (KOHA) | |
| Source of classification or shelving scheme | Library of Congress Classification |
| Koha item type | General Collection |
| Withdrawn status | Lost status | Source of classification or shelving scheme | Not for loan | Home library | Current library | Date acquired | Cost, normal purchase price | Total Checkouts | Total Renewals | Full call number | Barcode | Date last seen | Date last checked out | Price effective from | Koha item type |
|---|---|---|---|---|---|---|---|---|---|---|---|---|---|---|---|
| Library of Congress Classification | Kabarak, Main Campus | Kabarak, Main Campus | 19/10/2021 | 5367.00 | 8 | 1 | QR181 .H45 2017 c.1 | 031174 | 08/04/2024 | 25/03/2024 | 19/10/2021 | General Collection | |||
| Library of Congress Classification | Kabarak, Main Campus | Kabarak, Main Campus | 19/10/2021 | 5367.00 | 12 | 2 | QR181 .H45 2017 c.2 | 031175 | 02/02/2026 | 30/01/2026 | 19/10/2021 | General Collection |